Nutrición, diagnóstico y tratamiento (Registro nro. 26642)

Detalles MARC
000 -CABECERA
Longitud fija campo de control 00687nam a22002177a 4500
003 - IDENTIFICADOR DELl NÚMERO DE CONTROL
Identificador del número de control OSt
005 - FECHA Y HORA DE LA ÚLTIMA TRANSACCIÓN
Fecha y hora de la última transacción 20180321140156.0
008 - CÓDIGOS DE INFORMACIÓN DE LONGITUD FIJA
Códigos de información de longitud fija 161122b xxu||||| |||| 00| 0 eng d
020 ## - NÚMERO INTERNACIONAL NORMALIZADO PARA LIBROS
Número Internacional Normalizado para Libros (ISBN) 978-84-15419-82-2
040 ## - FUENTE DE LA CATALOGACIÓN
Centro transcriptor CRI
082 ## - NÚMERO DE LA CLASIFICACIÓN DECIMAL DEWEY
Númeroo de clasificación 613.2
100 1# - PUNTO DE ACCESO PRINCIPAL-NOMBRE DE PERSONA
9 (RLIN) 40526
Nombre de persona Escott-Stump, Sylvia
245 ## - MENCIÓN DE TÍTULO
Título Nutrición, diagnóstico y tratamiento
Mención de responsabilidad, etc. Sylvia Escott-Stump, Traducción: Martha Elena Ariaza
250 ## - MENCIÓN DE EDICIÓN
Mención de edición 7a ed.
260 ## - PUBLICACIÓN, DISTRIBUCIÓN, ETC. (PIE DE IMPRENTA)
Lugar de publicación, distribución, etc. Barcelona
Nombre del editor, distribuidor, etc. Wolters Kluwer Health, S.A.
Fecha de publicación, distribución, etc. 2011
300 ## - DESCRIPCIÓN FÍSICA
Extensión XX, 1020 p.
Dimensiones 27.5 cm.
500 ## - NOTA GENERAL
Nota general ïndice alfabético de materias: p. 999
650 #0 - PUNTO DE ACCESO ADICIONAL DE MATERIA - TÉRMINO DE MATERIA
9 (RLIN) 2745
Término de materia o nombre geográfico como elemento inicial Nutrición
700 1# - PUNTO DE ACCESO ADICIONAL - NOMBRE DE PERSONA
9 (RLIN) 7985
Nombre de persona Araiza Martínez, Martha Elena
942 ## - ENTRADA DE ELEMENTOS AGREGADOS (KOHA)
Fuente de clasificaión o esquema Dewey Decimal Classification
Koha [por defecto] tipo de item 1- Monografias
Parte de clasificación prozim
Existencias
Suprimido Perdido Fuente de clasificación o esquema Estropeado Restricciones de uso No para préstamo Código de colección Localización permanente Localización actual Localización en estanter&íacute;as Fecha adquisición Fuente de adquisición Número de inventario Préstamos totales Signatura completa Código de barras Fecha última consulta Fecha último préstamo Fecha del precio de reemplazo Tipo de item de Koha
NULL NULL Dewey Decimal Classification NULL Prestable NULL NULL Biblioteca Centro Regional de Ilobasco Biblioteca Centro Regional de Ilobasco Sala Principal 18/11/2016 CRI Li002987 4 613.2 ESC nut 1039805 12/03/2026 04/03/2026 22/11/2016 1- Monografias
NULL NULL Dewey Decimal Classification NULL Prestable NULL NULL Biblioteca Centro Regional de Ilobasco Biblioteca Centro Regional de Ilobasco Sala Principal 18/11/2016 CRI Li002988 2 613.2 ESC nut 1039806 05/03/2026 03/03/2026 22/11/2016 1- Monografias
NULL NULL Dewey Decimal Classification NULL Prestable NULL NULL Biblioteca Centro Regional de Ilobasco Biblioteca Centro Regional de Ilobasco Sala Principal 18/11/2016 CRI Li002989 5 613.2 ESC nut 1039807 05/03/2026 04/03/2026 22/11/2016 1- Monografias